000 00559nam a2200217Ia 4500
003 OSt
005 20220923230918.0
006 a|||||r|||| 00| 0
007 ta
008 Pun
024 _a306,392
037 _cTextual
040 _aARTS
_cARTS
_bPun
041 _2Pun
_aPun
082 _aP153, 153M3
100 _aਕੌਲ, ਓਮਕਾਰ ਐਨ
245 0 _aਪੰਜਾਬੀ ਭਾFਾ ਦਾ ਅਧਿਆਪਨ
260 _c1983
942 _hP153, 153M3
_cTEXL
_2CC
999 _c388178
_d388178